000 01132naa a22003257a 4500
001 BR7603988
003 BR-BrBNA
005 20240918173913.0
007 ta
008 230509b bl.||||| |||| 00| 0 por d
040 _aBR-BrBNA
_bpor
_cBiblioteca Nacional de Agricultura
041 _a(Pt)
072 _aH20
_b1112
_b4120
090 _aH20 BR7603988
100 1 _aMartinez, J.A.
111 1 _a3. Congresso Brasileiro de Fruticultura
_cRio de Janeiro, RJ (Brazil)
_d14 Jul 1975
245 1 _aMal do Panama [doenca de planta, Fusarium oxysporum cubense, banana, Musa spp]
260 3 _aCampinas, SP (Brasil):
_c1976.
500 _aAnais do 3. Congresso Brasileiro de Fruticultura Campinas, SP (Brasil): 1976. v. 1 p. 35-41 (BR7603988-AM)H20
650 _aBANANA
650 _aVARIEDADE
650 _aMUDA
650 _aFUNGO
650 _aMAL DO PANAMA
650 _aVARIEDADE RESISTENTE
650 _aMELHORAMENTO VEGETAL
773 0 _tAnais do 3. Congresso Brasileiro de Fruticultura
_wH20 BR7603988
_gCampinas, SP (Brasil), 1976. v. 1 p. 35-41
909 _a202404
_bLucia
_c55
_dLucia Elande
942 _cAM
_2AGRIS
999 _c307604
_d307604